Statistics for Historical Figure by Clue #3

Click here to take the quiz!

General Stats

  • This quiz has been taken 38 times
  • The average score is 9 of 20

Answer Stats

ClueHistorical Figure% Correct
His assassination in Sarajevo lead to WWIFranz Ferdinand
94%
Middle Ages heroine nicknamed the Maid of OrleansJean d'Arc
86%
Created the process of removing bacteria from milkLouis Pasteur
86%
Author of "The Old Man and the Sea"Ernest Hemingway
80%
Started off looking like a black man and ended a white womanMichael Jackson
74%
President with 44 towns named after himAbraham Lincoln
71%
Led the Native American resistance at Little BighornSitting Bull
71%
Inventor nicknamed "The Wizard of Menlo Park"Thomas Edison
71%
Ayatollah and founder of Iran as an Islamic republicRuhollah Khomeini
66%
First person to reach the South PoleRoald Amundsen
51%
The Oklahoma City bomber, executed in TexasTimothy McVeigh
49%
Was originally called William the Bastard, but history knows him differentlyWilliam the Conqueror
37%
One of the two first men recorded to climb Mount EverestTenzing Norgay
34%
Field Admiral at Midway; has a submarine named after himChester Nimitz
29%
The richest man in the history of the worldJohn D Rockefeller
26%
"Carpe Diem, gentlemen. Seize the day"Robin Williams
11%
Australian Prime Minister who vanished whilst swimmingHarold Holt
6%
Shogun and institutor of the Locked Country Policy in JapanTokugawa Ieyasu
6%
Original Chief of Staff of the Irish Republican ArmyCathal Brugha
0%
Prohibition-era gunman and mob executionerMachine Gun Kelly
0%

Score Distribution

Percentile by Number Answered

Percent of People with Each Score

Your Score History

You have not taken this quiz